[Event "Asker op"]
[Site "Asker"]
[Date "2014.11.17"]
[Round "8"]
[White "Rambo, Jan Bjarne"]
[Black "Odegaard, Per Chr"]
[Result "0-1"]
[WhiteElo "1660"]
[BlackElo "1693"]
[PlyCount "58"]
[EventDate "2014.09.01"]
[EventType "swiss"]
[EventRounds "9"]
[EventCountry "NOR"]
[SourceTitle "EXT 2017"]
[Source "ChessBase"]
[SourceDate "2016.10.25"]
[SourceVersion "1"]
[SourceVersionDate "2016.10.25"]
[SourceQuality "1"]

1. g3 f5 2. d4 g6 3. Bg2 Bg7 4. Nf3 Nf6 5. 0-0 0-0 6. c4 d6 7. Nc3 Qe8 8. e4 Nxe4 9. Nxe4 fxe4 10. Ng5 Nc6 11. Be3 e5 12. d5 Nd4 13. Nxe4 Nf5 14. Bd2 Bd7 15. Rc1 Rc8 16. Re1 Qe7 17. h3 h6 18. Bc3 c6 19. dxc6 Bxc6 20. Bb4 Rcd8 21. Qg4 Qf7 22. Rf1 Rfe8 23. b3 d5 24. cxd5 Bxd5 25. Rcd1 Nd4 26. Rd3 b6 27. Nd6 Rxd6 28. Bxd6 Bxg2 29. Rc1 Bf3 0-1

[Event "Asker op"]
[Site "Asker"]
[Date "2014.09.22"]
[Round "1"]
[White "Rambo, Jan Bjarne"]
[Black "Lindblom, Roar"]
[Result "1-0"]
[WhiteElo "1660"]
[BlackElo "1750"]
[PlyCount "83"]
[EventDate "2014.09.01"]
[EventType "swiss"]
[EventRounds "9"]
[EventCountry "NOR"]
[SourceTitle "EXT 2017"]
[Source "ChessBase"]
[SourceDate "2016.10.25"]
[SourceVersion "1"]
[SourceVersionDate "2016.10.25"]
[SourceQuality "1"]

1. d4 d5 2. c4 c6 3. cxd5 cxd5 4. Nc3 Nf6 5. g3 Nc6 6. Bg2 e6 7. Nf3 Bd6 8. 0-0 0-0 9. b3 a6 10. Bb2 b5 11. Re1 Bb7 12. e4 dxe4 13. Ng5 Be7 14. Ngxe4 Qb6 15. d5 Nxd5 16. Nxd5 exd5 17. Qxd5 Rad8 18. Qf5 Bc8 19. Qh5 Nd4 20. Qe5 Ne6 21. Rac1 f6 22. Qh5 f5 23. Nc3 Bf6 24. Rcd1 Bd4 25. Re2 f4 26. Bd5 g6 27. Qg4 Rfe8 28. Na4 Bxf2+ 29. Rxf2 bxa4 30. Qxf4 Rf8 31. Qd4 Qxd4 32. Rxd4 Rde8 33. Rxa4 Rxf2 34. Kxf2 Kf7 35. Rh4 h5 36. Rc4 Bd7 37. Rc7 Ke7 38. Ra7 Rc8 39. Ba3+ Kd8 40. Be4 Nc7 41. Bxg6 Bg4 42. Bd6 1-0

[Event "NOR-chT Clubs"]
[Site "Drammen"]
[Date "2010.10.09"]
[Round "3.49"]
[White "Rambo, Jan Bjarne"]
[Black "Evensen, Tom Richard"]
[Result "0-1"]
[WhiteElo "1612"]
[BlackElo "2041"]
[PlyCount "68"]
[EventDate "2010.10.08"]
[EventType "team"]
[EventRounds "6"]
[EventCountry "NOR"]
[SourceTitle "EXT 2015"]
[Source "ChessBase"]
[SourceDate "2014.11.20"]
[SourceVersion "1"]
[SourceVersionDate "2014.11.20"]
[SourceQuality "1"]
[WhiteTeam "Barum"]
[BlackTeam "Trondheim"]
[WhiteTeamCountry "NOR"]
[BlackTeamCountry "NOR"]

1. c4 Nf6 2. Nc3 e6 3. Nf3 d5 4. d4 Be7 5. Bg5 Nbd7 6. e3 0-0 7. Rc1 h6 8. Bh4 Re8 9. cxd5 exd5 10. Bd3 c6 11. 0-0 Ne4 12. Bxe7 Qxe7 13. Re1 Ndf6 14. Nd2 Qd6 15. f3 Ng5 16. Nf1 Bd7 17. a3 Re7 18. Qb3 b6 19. Qc2 Rae8 20. Ne2 Rc8 21. Neg3 c5 22. Nf5 Bxf5 23. Bxf5 Rcc7 24. Qa4 g6 25. Bd3 Kg7 26. Qb5 cxd4 27. exd4 Ne6 28. Qa4 Qf4 29. Rcd1 Nxd4 30. Kh1 Ne6 31. Qb3 Nc5 32. Qc3 Nce4 33. Qb3 Nf2+ 34. Kg1 Qd4 0-1

[Event "NOR-chT Clubs"]
[Site "Drammen"]
[Date "2010.10.08"]
[Round "1.2"]
[White "Gabrielsen, Stig"]
[Black "Rambo, Jan Bjarne"]
[Result "1-0"]
[WhiteElo "2274"]
[BlackElo "1612"]
[PlyCount "65"]
[EventDate "2010.10.08"]
[EventType "team"]
[EventRounds "6"]
[EventCountry "NOR"]
[SourceTitle "EXT 2015"]
[Source "ChessBase"]
[SourceDate "2014.11.20"]
[SourceVersion "1"]
[SourceVersionDate "2014.11.20"]
[SourceQuality "1"]
[WhiteTeam "Bergens"]
[BlackTeam "Barum"]
[WhiteTeamCountry "NOR"]
[BlackTeamCountry "NOR"]

1. e4 e5 2. Nf3 Nc6 3. Bb5 a6 4. Ba4 Nf6 5. 0-0 Be7 6. Re1 b5 7. Bb3 d6 8. c3 0-0 9. h3 Na5 10. Bc2 c5 11. d4 Nd7 12. Nbd2 cxd4 13. cxd4 Nc6 14. Nf1 exd4 15. Nxd4 Nxd4 16. Qxd4 Ne5 17. Ne3 Bxh3 18. f4 Nc6 19. Qc3 Bd7 20. Nd5 Rc8 21. Bd2 Bh4 22. Rec1 Ne5 23. Qb3 Nc4 24. Bc3 Bg3 25. Bf6 gxf6 26. Qxg3+ Kh8 27. Qh4 Rg8 28. Nxf6 Rg7 29. e5 Ne3 30. Bxh7 Nxg2 31. Qh6 Rxc1+ 32. Rxc1 Ne3+ 33. Bg6+ 1-0

[Event "Gothenburg op"]
[Site "Gothenburg"]
[Date "1996.??.??"]
[Round "?"]
[White "Liljedahl, Lennart"]
[Black "Rambo, Jan Bjarne"]
[Result "0-1"]
[WhiteElo "2320"]
[BlackElo "2220"]
[PlyCount "86"]
[EventDate "1996.??.??"]
[EventType "swiss"]
[EventRounds "9"]
[EventCountry "SWE"]
[SourceTitle "EXT 2006"]
[Source "ChessBase"]
[SourceDate "2005.11.24"]
[SourceVersion "1"]
[SourceVersionDate "2005.11.24"]
[SourceQuality "1"]

1. d4 g6 2. Nf3 Bg7 3. Bf4 d6 4. h3 Nd7 5. e3 e5 6. Bh2 Ne7 7. c4 0-0 8. Nc3 f5 9. Be2 h6 10. c5 exd4 11. cxd6 dxc3 12. dxe7 Qxe7 13. Qb3+ Kh7 14. bxc3 Nc5 15. Qc2 f4 16. Bxf4 Rxf4 17. exf4 Bf5 18. Qd2 Ne4 19. Qe3 Bxc3+ 20. Kf1 Bxa1 21. g4 Bd7 22. Kg2 Bg7 23. Bd3 Bc6 24. Re1 Re8 25. Kg1 Qf7 26. Nh4 Bf6 27. Nxg6 Qxg6 28. f3 Qg7 29. fxe4 Bd4 30. e5+ Kh8 31. Qxd4 h5 32. g5 Bd7 33. h4 Rf8 34. Rf1 Re8 35. Be4 b6 36. Qd5 Bg4 37. Qc6 Rd8 38. Bc2 Bd7 39. Qd5 Qf8 40. Qd3 Qe7 41. Rd1 Qc5+ 42. Kh2 Qf2+ 43. Kh1 Bc6+ 0-1

[Event "Gothenburg op"]
[Site "Gothenburg"]
[Date "1996.??.??"]
[Round "?"]
[White "Napoli Costa, Aurelio"]
[Black "Rambo, Jan Bjarne"]
[Result "0-1"]
[WhiteElo "2205"]
[BlackElo "2220"]
[PlyCount "82"]
[EventDate "1996.??.??"]
[EventType "swiss"]
[EventRounds "9"]
[EventCountry "SWE"]
[SourceTitle "EXT 2006"]
[Source "ChessBase"]
[SourceDate "2005.11.24"]
[SourceVersion "1"]
[SourceVersionDate "2005.11.24"]
[SourceQuality "1"]

1. e4 d5 2. exd5 Nf6 3. d4 Bg4 4. Bb5+ Nbd7 5. f3 Bf5 6. c4 a6 7. Bxd7+ Qxd7 8. Ne2 0-0-0 9. 0-0 e6 10. dxe6 Qxe6 11. b3 Bc5 12. Bb2 Rhe8 13. Rf2 g5 14. Nbc3 Ba7 15. Qd2 h6 16. Raf1 Nd7 17. Ne4 Bh7 18. Kh1 f5 19. N4c3 f4 20. Nc1 Qd6 21. N3e2 Re3 22. Re1 Rde8 23. Rff1 Qe7 24. Bc3 Qf7 25. d5 g4 26. Bd4 gxf3 27. Rxf3 Rxf3 28. gxf3 Ne5 29. Ng1 Bxd4 30. Qxd4 Qf5 31. c5 Qg5 32. d6 Rg8 33. Qf2 Bg6 34. Rd1 Be8 35. Nd3 Bc6 36. Nxe5 Qxe5 37. Qd4 Qf5 38. Rd2 Qg6 39. d7+ Kd8 40. h3 Qf5 41. Rg2 Bxf3 0-1

[Event "Gothenburg op"]
[Site "Gothenburg"]
[Date "1996.??.??"]
[Round "?"]
[White "Rambo, Jan Bjarne"]
[Black "Tonning, Erik"]
[Result "0-1"]
[WhiteElo "2220"]
[BlackElo "2115"]
[PlyCount "154"]
[EventDate "1996.??.??"]
[EventType "swiss"]
[EventRounds "9"]
[EventCountry "SWE"]
[SourceTitle "EXT 2006"]
[Source "ChessBase"]
[SourceDate "2005.11.24"]
[SourceVersion "1"]
[SourceVersionDate "2005.11.24"]
[SourceQuality "1"]

1. e4 e6 2. d4 d5 3. e5 c5 4. c3 Nc6 5. Nf3 Bd7 6. Bd3 cxd4 7. cxd4 Qb6 8. 0-0 Nxd4 9. Nxd4 Qxd4 10. Nc3 Qxe5 11. Re1 Qb8 12. Nxd5 Bd6 13. Qg4 Kf8 14. Bd2 h5 15. Qh3 Bc6 16. Ne3 Nf6 17. Nc4 Bd5 18. Qh4 Bc7 19. Bc3 Ng4 20. h3 Bd8 21. Qg3 Qxg3 22. fxg3 Nf6 23. Bd4 Nd7 24. Rac1 Bc7 25. Bf2 Bxc4 26. Rxc4 Bd6 27. Be4 Ke7 28. Rd1 Nb6 29. Rc2 Rad8 30. Kh1 Rd7 31. Bf3 g6 32. b3 Rc8 33. Rcd2 Rcc7 34. g4 hxg4 35. Bh4+ f6 36. Bxg4 Be5 37. Rxd7+ Rxd7 38. Re1 Kf7 39. Bf3 Nc8 40. g4 Bb8 41. Be2 Bf4 42. Bc4 Rd6 43. Bf2 Nb6 44. Bxb6 Rxb6 45. Kg2 Rd6 46. Kf3 Bg5 47. a4 a6 48. Kg3 Bd2 49. Rh1 f5 50. h4 Rd4 51. gxf5 gxf5 52. h5 Bh6 53. Re1 Rd6 54. Kf3 Kf6 55. Rg1 Bg5 56. Rh1 Rd7 57. Ke2 Kg7 58. Re1 e5 59. Be6 Rd2+ 60. Kf1 Kf6 61. Bc8 Rh2 62. Re2 Rxh5 63. Bxb7 a5 64. b4 axb4 65. a5 Rh3 66. Rb2 Ra3 67. Rxb4 Rxa5 68. Rb6+ Kf7 69. Bc8 e4 70. Bd7 Bf6 71. Rb7 Kg6 72. Rb5 Rxb5 73. Bxb5 Kg5 74. Bd7 Kf4 75. Bc8 Bd4 76. Bd7 Ke5 77. Bb5 f4 0-1